Jvan Peres Jolote (Record no. 10245)

MARC details
000 -CABECERA
campo de control de longitud fija 00840nam a2200241 a 4500
001 - NÚMERO DE CONTROL
campo de control BRL_1435
005 - FECHA Y HORA DE LA ÚLTIMA TRANSACCIÓN
campo de control 20190320211214.0
008 - DATOS DE LONGITUD FIJA--INFORMACIÓN GENERAL
campo de control de longitud fija 101116s1993----mx-a######---#000-0#----#
020 ## - NÚMERO INTERNACIONAL ESTÁNDAR DEL LIBRO
Número Internacional Estándar del Libro 9686492828
044 ## - CÓDIGO DEL PAÍS DE LA ENTIDAD EDITORA/PRODUCTORA
Código MARC del país mx
050 #4 - SIGNATURA TOPOGRÁFICA DE LA BIBLIOTECA DEL CONGRESO
Número de clasificación F1221.T9
Número de documento/Ítem .P67 1993
100 1# - ENTRADA PRINCIPAL--NOMBRE DE PERSONA
Nombre de persona Posas, Likarto
9 (RLIN) 26899
245 10 - MENCIÓN DE TÍTULO
Título Jvan Peres Jolote
Resto del título Xch´iel sk´opojel jun batz´i vinik
Mención de responsabilidad, etc. Likarto Posas ; basujesbil ta batz´i k´op yu´un Enrike Peres Lopes.
260 ## - PUBLICACIÓN, DISTRIBUCIÓN, ETC.
Lugar de publicación, distribución, etc. Tuxtla, Chiapas, México
Nombre del editor, distribuidor, etc. Gobierno del Estado de Chiapas
Fecha de publicación, distribución, etc. 1993
300 ## - DESCRIPCIÓN FÍSICA
Extensión 104 p.
Otras características físicas il.
Dimensiones 22 cm.
440 #0 - MENCIÓN DE SERIE/PUNTO DE ACCESO ADICIONAL--TÍTULO
Título Serie nuestros pueblos, Chiapas
9 (RLIN) 26900
546 ## - NOTA DE LENGUA/LENGUAJE
Nota de lengua/lenguaje Texto en : tzotzil
600 14 - PUNTO DE ACCESO ADICIONAL DE MATERIA--NOMBRE DE PERSONA
Nombre de persona Pérez Jolote, Juan
9 (RLIN) 10530
650 14 - PUNTO DE ACCESO ADICIONAL DE MATERIA--TÉRMINO DE MATERIA
Término de materia o nombre geográfico como elemento de entrada Indígenas Tzotzil
Subdivisión de forma Biografía
9 (RLIN) 26901
650 14 - PUNTO DE ACCESO ADICIONAL DE MATERIA--TÉRMINO DE MATERIA
Término de materia o nombre geográfico como elemento de entrada Tzotzil
Subdivisión de forma textos
9 (RLIN) 26902
700 1# - PUNTO DE ACCESO ADICIONAL--NOMBRE DE PERSONA
Nombre de persona Pérez López, Enrique
Término indicativo de función/relación prol.
9 (RLIN) 26903
942 ## - ELEMENTOS DE PUNTO DE ACCESO ADICIONAL (KOHA)
Fuente del sistema de clasificación o colocación Library of Congress Classification
Tipo de ítem Koha Libros
Holdings
Estado de retiro Estado de pérdida Estado dañado No para préstamo Localización permanente Ubicación/localización actual Fecha de adquisición Total de préstamos Signatura topográfica completa Código de barras Fecha visto por última vez Precio válido a partir de Tipo de ítem Koha
El ejemplar forma parte de la colección y puede ser consultado según las políticas vigentes.       Biblioteca Centro de Estudios Ruth D. Lechuga Biblioteca Centro de Estudios Ruth D. Lechuga 14/01/2014   F1221.T9 .P67 1993 00029 22/03/2019 22/03/2019 Libros